000 00497nam a22001337a 4500
008 140220b xxu||||| |||| 00| 0 eng d
050 _aBX2592.B35 1967
100 _aBaskerville, Geoffrey
_98815
245 _aEnglish Monks and the Suppression of the Monasteries
_cGeoffrey Baskerville
260 _aNorwich
_bFetcher and son
_c1967
300 _a312p. ;
_c20cm.
650 _aManosticism and religious orders
_xMonasteries
_xChurch and state
_zEngland
_zGreat britain
_98816
942 _2lcc
_cMONOGRAPH
999 _c120116
_d120116